Managerial effectiveness (Record no. 22906)

MARC details
000 -LEADER
fixed length control field 00270nam a2200109Ia 4500
082 ## - DEWEY DECIMAL CLASSIFICATION NUMBER
Classification number 658.3
Item number RED
100 ## - MAIN ENTRY--AUTHOR NAME
Personal name Reddin, William J
245 #0 - TITLE STATEMENT
Title Managerial effectiveness
260 ## - PUBLICATION, DISTRIBUTION, ETC. (IMPRINT)
Place of publication Tokyo
Name of publisher McGraw Hill
Year of publication 1970
942 ## - ADDED ENTRY ELEMENTS (KOHA)
Koha item type Books
Holdings
Withdrawn status Lost status Damaged status Not for loan Home library Current library Date acquired Cost, normal purchase price Full call number Accession Number Koha item type
        RRII Library RRII Library 16/12/2021 35.55 658.3 RED 03617 Books